Statistics for 2000IQ ULTIMATE NINTENDO CONSOLES QUIZ

Click here to take the quiz!

General Stats

  • This quiz has been taken 97 times
    (95 since last reset)
  • The average score is 23 of 43

Answer Stats

YOUR ANSWER% Correct
Super Nintendo Entertainment System
100%
Nintendo Entertainment System
97%
Wii
92%
Gameboy
89%
Gameboy Advance
89%
Nintendo 3DS
89%
Nintendo 64
89%
Nintendo DS
89%
Nintendo Switch
89%
Wii U
89%
Gameboy Color
83%
Gamecube
83%
Nintendo 2DS
78%
Nintendo DS Lite
78%
Nintendo DSi
75%
Game and Watch
69%
Nintendo 3DS XL
69%
Nintendo Switch Lite
64%
Virtual Boy
64%
Gameboy Advance SP
61%
New Nintendo 2DS XL
58%
New Nintendo 3DS
58%
New Nintendo 3DS XL
58%
Gameboy Pocket
56%
Wii Mini
56%
Gameboy Micro
50%
Famicom
44%
Nintendo DSi XL
44%
Gameboy Light
39%
Super Famicom
39%
Nintendo 64DD
25%
Color TV Game 15
17%
Color TV Game 6
17%
Nintendo Entertainment System Classic
17%
Super Nintendo Entertainment System Classic
17%
Panasonic Q
11%
Super Gameboy
11%
Satellawiew
8%
Color TV Game racing 112
6%
Computer TV Game
6%
Famicom Disk System
6%
Family Computer
6%
Twin Famicom
3%

Score Distribution

Percentile by Number Answered

Percent of People with Each Score

Your Score History

You have not taken this quiz since the last reset